Yearbook of Finnish Foreign Policy 1991

Guardado en:
Detalles Bibliográficos
Formato: Libro
Lenguaje:inglés
Publicado: Helsinki Finnish Institute of International Affairs 1991
Edición:1. ed.
Materias:
Etiquetas: Agregar Etiqueta
Sin Etiquetas, Sea el primero en etiquetar este registro!

MARC

LEADER 00000nam a2200000 4500
001 c005420
005 20260121072013.7
020 |a 951-769-038-X 
041 0 |a eng 
044 |a FI 
245 1 0 |a Yearbook of Finnish Foreign Policy 1991 
250 |a 1. ed. 
264 1 |a Helsinki  |b Finnish Institute of International Affairs  |c 1991 
300 |a 94 s. 
610 2 0 |a politika zahraničná 
610 2 0 |a Fínsko